000 00675nam a2200289Ia 4500
005 20260324144209.0
008 008 260324s9999 xx 000 0 eng d
020 _a9781315887319
037 _aEBOOK
040 _aCRL
040 _beng
040 _cCRL
041 _2eng
041 _aeng
084 _qCRL
100 _aJohn Addy
_91166428
245 0 _aSin & Society (Routledge Revivals)
245 0 _bIn the Seventeenth Century
260 _bTaylor and Francis
260 _c1989
365 _a
365 _b240
856 _uhttp://www.taylorfrancis.com/books/9781315887319
942 _cEBOOK
999 _c1824754
_d1824754